[Event "Unterfranken-ch M2 59th"]
[Site "Rieneck"]
[Date "2008.03.28"]
[Round "7"]
[White "Amtmann, Florian"]
[Black "Loeser, Tobias"]
[Result "1/2-1/2"]
[WhiteElo "1939"]
[BlackElo "1889"]
[PlyCount "87"]
[EventDate "2008.03.24"]
[EventType "swiss"]
[EventRounds "9"]
[EventCountry "GER"]
[SourceTitle "EXT 2015"]
[Source "ChessBase"]
[SourceDate "2014.11.20"]
[SourceVersion "1"]
[SourceVersionDate "2014.11.20"]
[SourceQuality "1"]

1. d4 Nf6 2. Nf3 d5 3. c4 e6 4. Nc3 c6 5. cxd5 exd5 6. Bg5 Be7 7. Qc2 0-0 8. e3 Nbd7 9. Bd3 h6 10. Bh4 Re8 11. 0-0 Ne4 12. Bg3 Nxg3 13. hxg3 Bf8 14. Rab1 Nf6 15. Ne5 c5 16. Nf3 Be6 17. dxc5 Bxc5 18. b4 Bf8 19. Nd4 Rc8 20. Qb3 Ne4 21. Nxe4 dxe4 22. Nxe6 Qxd3 23. Qxd3 exd3 24. Nd4 Rc4 25. Rfd1 Rxb4 26. Rxb4 Bxb4 27. Rxd3 Bc5 28. Nb3 Bb6 29. a4 Rd8 30. Rc3 Rd7 31. a5 Bc7 32. Kf1 Be5 33. Rc8+ Kh7 34. Rc5 Bf6 35. Ke2 Kg6 36. Rb5 Be7 37. f4 f6 38. g4 Kf7 39. e4 g5 40. g3 a6 41. Rb6 Bd8 42. Rb4 Be7 43. Rc4 Bd8 44. Rb4 1/2-1/2

[Event "Unterfranken-ch M2 59th"]
[Site "Rieneck"]
[Date "2008.03.27"]
[Round "6"]
[White "Loeser, Tobias"]
[Black "Markert, Markus"]
[Result "1/2-1/2"]
[WhiteElo "1889"]
[BlackElo "1829"]
[PlyCount "103"]
[EventDate "2008.03.24"]
[EventType "swiss"]
[EventRounds "9"]
[EventCountry "GER"]
[SourceTitle "EXT 2015"]
[Source "ChessBase"]
[SourceDate "2014.11.20"]
[SourceVersion "1"]
[SourceVersionDate "2014.11.20"]
[SourceQuality "1"]

1. e4 c5 2. d4 cxd4 3. c3 d3 4. Bxd3 Nc6 5. Nf3 e6 6. 0-0 d5 7. exd5 Qxd5 8. Qe2 Nf6 9. Rd1 Qh5 10. Bf4 Be7 11. Nbd2 Nd5 12. Bg3 0-0 13. Be4 Nf6 14. Bxc6 bxc6 15. Ne4 Qb5 16. Nd4 Qxe2 17. Nxf6+ Bxf6 18. Nxe2 Ba6 19. Nd4 c5 20. Nb3 c4 21. Nc5 Bb5 22. Nd7 Bxd7 23. Rxd7 Rfd8 24. Rad1 Rxd7 25. Rxd7 Rd8 26. Rxd8+ Bxd8 27. Bd6 Ba5 28. Bc5 a6 29. f4 f5 30. Bd4 Bc7 31. g3 Kf7 32. Kf2 e5 33. Bxe5 Bxe5 34. fxe5 Ke6 35. b4 cxb3 36. axb3 Kxe5 37. Ke3 g5 38. c4 a5 39. h3 h5 40. Kf3 Kd4 41. h4 gxh4 42. gxh4 Kc5 43. Kf4 Kb4 44. Kxf5 Kxb3 45. c5 a4 46. c6 a3 47. c7 a2 48. c8Q a1Q 49. Qe6+ Kb4 50. Qe4+ Kc5 51. Qe5+ Qxe5+ 52. Kxe5 1/2-1/2

[Event "Unterfranken-ch HT 55th"]
[Site "Bad Koenigshofen"]
[Date "2004.04.15"]
[Round "6"]
[White "Mueller, Maximilian2222"]
[Black "Loeser, Tobias"]
[Result "1/2-1/2"]
[WhiteElo "1006"]
[BlackElo "1292"]
[PlyCount "43"]
[EventDate "2004.04.12"]
[EventType "swiss"]
[EventRounds "9"]
[EventCountry "GER"]
[SourceTitle "EXT 2015"]
[Source "ChessBase"]
[SourceDate "2014.11.20"]
[SourceVersion "1"]
[SourceVersionDate "2014.11.20"]
[SourceQuality "1"]

1. e4 d5 2. exd5 Qxd5 3. Nf3 Nf6 4. Nc3 Qa5 5. Bb5+ c6 6. Bc4 Bf5 7. d3 Nbd7 8. Bf4 e6 9. 0-0 Bb4 10. Qd2 Nd5 11. Bxd5 cxd5 12. Ne5 Nf6 13. a3 Bxc3 14. Qxc3 Qxc3 15. bxc3 0-0 16. Bg5 Rac8 17. Rab1 b6 18. Bxf6 gxf6 19. Nd7 Rfd8 20. Nxf6+ Kg7 21. Nh5+ Kh8 22. Rb3 1/2-1/2